000 01075nam a2200217Ia 4500
001 10388
003 GE_BSU
008 181216s||||||||xx |||||||||||||| ||und||
020 _a9789992847468
040 _cGE_BSU
080 _a821.353.1+821.353.1.09+821.353.1-92+821.353.1-94
245 _aქართული მწერლობა 40 ტომად. ტ.27. ივანე გომართელი,ფილიპე გოგიჩაიშვილი
245 _bგიორგი ლასხიშვილი,სამსონ ფირცხალავა
245 _cშემდგ.ა.ბაქრაძე.რ.თვარაძე.სარედ.კოლ.ა.ბაქრაძე და სხვ.ტომის შემდგ.–რედ.მარი წერეთელი,მხატვ.გურამ ღლონტი
260 _aთბილისი
260 _bნაკადული
260 _c2006
300 _a640გვ.20სმ.
653 _aქართული მწერლობა
942 _cBK
999 _c43649
_d43649